Conserving biodiversity : (Record no. 6260)

MARC details
000 -LEADER
fixed length control field 01451cam a2200277 4500
001 - CONTROL NUMBER
control field 7340
005 - DATE AND TIME OF LATEST TRANSACTION
control field 20181127183428.0
008 - FIXED-LENGTH DATA ELEMENTS--GENERAL INFORMATION
fixed length control field 961001s1995 at ab b 001 0 eng d
010 ## - LIBRARY OF CONGRESS CONTROL NUMBER
LC control number 96203246
020 ## - INTERNATIONAL STANDARD BOOK NUMBER
International Standard Book Number 0949324590
082 00 - DEWEY DECIMAL CLASSIFICATION NUMBER
Classification number 333.95/16/09944
Edition number 21
100 ## - MAIN ENTRY--PERSONAL NAME
Personal name Bradstock, R.A.
Numeration
Titles and words associated with a name
Dates associated with a name
Relator term editor
Fuller form of name
245 00 - TITLE STATEMENT
Title Conserving biodiversity :
Remainder of title threats and solutions /
Statement of responsibility, etc. edited by R.A. Bradstock ... [et al.].
260 ## - PUBLICATION, DISTRIBUTION, ETC.
Place of publication, distribution, etc. Chipping Norton, NSW :
Name of publisher, distributor, etc. Surrey Beatty & Sons in association with NSW Parks and Wildlife Service,
Date of publication, distribution, etc. 1995.
300 ## - PHYSICAL DESCRIPTION
Extent vi, 428 p. :
Other physical details ill. (some col.), maps ;
Dimensions 31 cm.
500 ## - GENERAL NOTE
General note Errata slips inserted.
General note Papers from a conference held at the University of Sydney, June 1993 and organized by the NSW National Parks and Wildlife Service.
504 ## - BIBLIOGRAPHY, ETC. NOTE
Bibliography, etc. note Includes bibliographical references and index.
505 ## - FORMATTED CONTENTS NOTE
Formatted contents note CONTENTS: Conserving biodiversity -- Habitat loss -- Degradation and population of water resources -- Weeds and feral animals -- Commercial use of native biota -- Changes to fire regimes -- Can governments solve the problems? -- Index.
Miscellaneous information
Statement of responsibility
Title
650 #0 - SUBJECT ADDED ENTRY--TOPICAL TERM
Topical term or geographic name entry element Biodiversity
Geographic subdivision Australia
-- New South Wales.
Topical term or geographic name entry element Biodiversity conservation
Geographic subdivision Australia
-- New South Wales.
Topical term or geographic name entry element Ecosystem management
Geographic subdivision Australia
-- New South Wales.
700 1# - ADDED ENTRY--PERSONAL NAME
Personal name Bradstock, R. A.
Fuller form of name (Ross Andrew)
710 2# - ADDED ENTRY--CORPORATE NAME
Corporate name or jurisdiction name as entry element New South Wales National Parks and Wildlife Service.
Holdings
Withdrawn status Lost status Source of classification or shelving scheme Damaged status Not for loan Collection code Home library Current library Shelving location Serial Enumeration / chronology Inventory number Total Checkouts Full call number Barcode Date last seen Price effective from Koha item type
    Dewey Decimal Classification     Main TEST RTC Library RTC Library Main opac 11292   333.95 BRA 30010869 27/11/2018 27/11/2018 Main
Royal Thimphu College || All Right Reserved